LEADER 00940nam a2200253 4500 001 000000367001 003 CaOOAMICUS 005 20260325111611.0 008 260325s1988 it 000 u ita r 020 $a88-4039-187-8 040 $aSeMil$bita 100 1 $aAbelson, Joshua.$0(OLS)http://semarc/name/54381 245 10$aKabbala e mistica ebraica /$cJ. Abelson. 264 1$aLa Spezia :$bFratelli Melita,$c1988. 300 $aVII, 165 p. ;$c22 cm 490 1 $aL'antro delle ninfe 830 2$aL'antro delle ninfe.$0(OLS)http://semarc/title/458823 850 $aSeMil 852 $aSeMil$W1$xVenegono$y1$B257742$CSeMilBibl$Z2$F257742 $81 961 $aBuzzi mons. Franco - Omaggio 996 $6020$a88-4039-187-8$9(OLS)http://semarc/number/305573 996 $6245$aKabbala e mistica ebraica$9(OLS)http://semarc/title/458822 996 $6264$aLa Spezia :$bFratelli Melita$9(OLS)http://semarc/publisher/31549